| 000 | 00816cab a22001935a 4500 | ||
|---|---|---|---|
| 001 | L154052 | ||
| 008 | 111010s2011 d f s 000 0 eng u | ||
| 035 | _a(Sirsi) u154052 | ||
| 041 | 0 | _aeng | |
| 245 | 0 | 4 | _aThe top 25 housebuilders |
| 260 | _c2011 | ||
| 490 | 0 |
_aHousebuilder _v70(8) October 2011, 19-29(8) |
|
| 520 | _aSummary of the latest Housing Market Intelligence Report includes a table of the top 25 companies in Britain with housing turnover, profit pre and post except, units, land with planning permission, average selling price, and number of people employed; analysis of the state of the industry. | ||
| 590 | _aKA | ||
| 651 | 4 |
_aGreat Britain _y1707- |
|
| 690 | _aPROPERTY-RESIDENTIAL PROPERTY-RESIDENTIAL PROPERTY DEVELOPMENT | ||
| 690 | _aBUILT ENVIRONMENT-CONSTRUCTION MARKET | ||
| 942 | _n0 | ||
| 999 |
_c83469 _d83469 |
||